| 000 | 00567nam a22001817a 4500 | ||
|---|---|---|---|
| 008 | 160604b xxu||||| |||| 00| 0 eng d | ||
| 020 | _a971086274x | ||
| 082 |
_22002 _aDFil 657.076 _bAr3 |
||
| 100 |
_910033 _aArganda, Amelia M. |
||
| 245 |
_aAccounting principles 2: _bworkbook/ _cAmelia M. Arganda |
||
| 250 | _aThird Edition | ||
| 260 |
_aMandaluyong City: _bNational Book Store, _cc2002. |
||
| 300 |
_aviii, 142 pages: _billustration; _c26 cm. |
||
| 650 | 0 |
_910037 _aAccounting |
|
| 700 |
_910039 _aHerrero, Carmen C. |
||
| 365 |
_b195.00 _cPhp. |
||
| 942 |
_2ddc _cDFIL |
||
| 999 |
_c3006 _d3006 |
||